[Event "Stuttgart-chA int"]
[Site "Ditzingen"]
[Date "2009.05.24"]
[Round "7"]
[White "Fruehsorger, Dieter"]
[Black "Stegmaier, Michael"]
[Result "1/2-1/2"]
[WhiteElo "1968"]
[BlackElo "1802"]
[PlyCount "102"]
[EventDate "2009.05.21"]
[EventType "swiss"]
[EventRounds "7"]
[EventCountry "GER"]
[SourceTitle "EXT 2018"]
[Source "ChessBase"]
[SourceDate "2017.10.13"]
[SourceVersion "1"]
[SourceVersionDate "2017.10.13"]
[SourceQuality "1"]

1. e4 c5 2. d4 cxd4 3. c3 dxc3 4. Nxc3 Nc6 5. Nf3 e6 6. Bc4 Bb4 7. 0-0 Bxc3 8. bxc3 Nge7 9. Re1 0-0 10. Ba3 Na5 11. Bb3 Nxb3 12. axb3 Re8 13. Qd6 a5 14. Bc5 Ra6 15. Qd3 Qc7 16. b4 axb4 17. cxb4 Ng6 18. Nd4 Nf4 19. Qd2 e5 20. Nb5 Qc6 21. Nd6 Rd8 22. Rxa6 bxa6 23. Rd1 Ne6 24. Nxc8 Rxc8 25. Qxd7 Qxd7 26. Rxd7 Nxc5 27. bxc5 Kf8 28. Rd5 f6 29. Kf1 Ke7 30. Ke2 Rc7 31. g4 Rc6 32. Kd3 g6 33. Kc4 Ke6 34. h3 Ke7 35. g5 Ke6 36. gxf6 Kxf6 37. Rd6+ Rxd6 38. cxd6 Ke6 39. Kc5 Kd7 40. Kd5 a5 41. Kxe5 a4 42. Kd4 Kxd6 43. h4 a3 44. Kc3 Ke5 45. f3 Kf4 46. Kb3 g5 47. h5 g4 48. fxg4 Kxg4 49. Kxa3 Kxh5 50. Kb4 Kg5 51. Kc5 h5 1/2-1/2

[Event "Stuttgart-chA int"]
[Site "Ditzingen"]
[Date "2009.05.23"]
[Round "5"]
[White "Hirschfeld, Dennis"]
[Black "Stegmaier, Michael"]
[Result "1-0"]
[WhiteElo "1984"]
[BlackElo "1802"]
[PlyCount "75"]
[EventDate "2009.05.21"]
[EventType "swiss"]
[EventRounds "7"]
[EventCountry "GER"]
[SourceTitle "EXT 2018"]
[Source "ChessBase"]
[SourceDate "2017.10.13"]
[SourceVersion "1"]
[SourceVersionDate "2017.10.13"]
[SourceQuality "1"]

1. d4 d5 2. c4 c6 3. cxd5 cxd5 4. Nc3 Nf6 5. Nf3 Nc6 6. Bf4 Bf5 7. e3 e6 8. Bb5 Bb4 9. Qa4 Bxc3+ 10. bxc3 Qb6 11. Ne5 Rc8 12. Nxc6 bxc6 13. Ba6 Rd8 14. 0-0 0-0 15. f3 Nh5 16. Bg5 Nf6 17. e4 dxe4 18. Rab1 Qc7 19. Rb7 Qd6 20. fxe4 Bxe4 21. Bf4 Qd5 22. Bc4 Qh5 23. Rxa7 c5 24. Bc7 Ng4 25. h3 Ne3 26. Bxd8 Qg6 27. g4 Nxf1 28. Be7 Qh6 29. Kxf1 Qxh3+ 30. Ke2 Qf3+ 31. Kd2 cxd4 32. cxd4 Qf4+ 33. Kc3 Qc1+ 34. Kb4 Rb8+ 35. Bb5 Qd2+ 36. Kc5 Rc8+ 37. Kb6 Rb8+ 38. Ka6 1-0

[Event "Stuttgart-chA int"]
[Site "Ditzingen"]
[Date "2009.05.21"]
[Round "3"]
[White "Kerpe, Andreas"]
[Black "Stegmaier, Michael"]
[Result "1-0"]
[WhiteElo "2084"]
[BlackElo "1802"]
[PlyCount "61"]
[EventDate "2009.05.21"]
[EventType "swiss"]
[EventRounds "7"]
[EventCountry "GER"]
[SourceTitle "EXT 2018"]
[Source "ChessBase"]
[SourceDate "2017.10.13"]
[SourceVersion "1"]
[SourceVersionDate "2017.10.13"]
[SourceQuality "1"]

1. e4 c5 2. Nc3 d6 3. g3 Nc6 4. Bg2 g6 5. d3 Bg7 6. Be3 Nf6 7. h3 Bd7 8. Qd2 Nd4 9. Nd1 Rb8 10. c3 Nc6 11. Bh6 0-0 12. Bxg7 Kxg7 13. Ne2 b5 14. 0-0 Qc8 15. Kh2 Rh8 16. Ne3 h5 17. f4 a5 18. d4 c4 19. d5 Nd8 20. Nd4 e5 21. dxe6 fxe6 22. f5 exf5 23. exf5 Rh6 24. fxg6 Rxg6 25. Nef5+ Kh7 26. Ne7 Qc5 27. Nxg6 Kxg6 28. Rxf6+ Kxf6 29. Qh6+ Ke7 30. Re1+ Kf7 31. Rf1+ 1-0

[Event "Stuttgart-chA int"]
[Site "Ditzingen"]
[Date "2009.05.21"]
[Round "2"]
[White "Stegmaier, Michael"]
[Black "Stein, Carsten"]
[Result "1-0"]
[WhiteElo "1802"]
[BlackElo "1972"]
[PlyCount "90"]
[EventDate "2009.05.21"]
[EventType "swiss"]
[EventRounds "7"]
[EventCountry "GER"]
[SourceTitle "EXT 2018"]
[Source "ChessBase"]
[SourceDate "2017.10.13"]
[SourceVersion "1"]
[SourceVersionDate "2017.10.13"]
[SourceQuality "1"]

1. d4 d5 2. Nf3 c6 3. e3 Nf6 4. c4 e6 5. Nc3 Nbd7 6. Bd3 dxc4 7. Bxc4 b5 8. Bd3 Bb7 9. e4 a6 10. e5 Nd5 11. Nxd5 exd5 12. 0-0 c5 13. e6 fxe6 14. Ng5 Qf6 15. Nxe6 Bd6 16. Re1 Be5 17. Nc7+ Kd8 18. dxe5 Nxe5 19. Nxa8 Rf8 20. f3 Bxa8 21. f4 Nd7 22. Bxh7 g5 23. f5 d4 24. Re6 Qg7 25. Qh5 Nf6 26. Bxg5 Kd7 27. Qg6 Qxg6 28. Bxg6 Nd5 29. Rae1 c4 30. Bh6 Rg8 31. Re8 Rxe8 32. Bxe8+ Kd6 33. Bf8+ Kc7 34. Re6 d3 35. Bd6+ Kd8 36. Bh5 Nc7 37. Bxc7+ Kxc7 38. f6 Bd5 39. Re7+ Kd6 40. Re1 b4 41. f7 Bxf7 42. Bxf7 c3 43. bxc3 bxc3 44. Rd1 d2 45. Bb3 Ke5 1-0

[Event "Einhausen op"]
[Site "Einhausen"]
[Date "2009.??.??"]
[Round "1"]
[White "Haecker, Alexander"]
[Black "Stegmaier, Michael"]
[Result "1-0"]
[WhiteElo "2255"]
[BlackElo "1850"]
[PlyCount "69"]
[EventDate "2009.??.??"]
[EventType "swiss"]
[EventRounds "7"]
[EventCountry "GER"]
[SourceTitle "EXT 2011"]
[Source "ChessBase"]
[SourceDate "2010.11.26"]
[SourceVersion "1"]
[SourceVersionDate "2010.11.26"]
[SourceQuality "1"]

1. e4 c5 2. Nf3 d6 3. d4 cxd4 4. Nxd4 Nf6 5. Nc3 g6 6. Be3 Bg7 7. f3 0-0 8. Qd2 Nc6 9. 0-0-0 d5 10. exd5 Nxd5 11. Nxc6 bxc6 12. Bd4 Be6 13. Bxg7 Kxg7 14. Bc4 Nc7 15. Qf4 Qc8 16. h4 Bxc4 17. Qxc4 Qe6 18. Qf4 Nb5 19. Rhe1 Qf6 20. Qxf6+ exf6 21. Nxb5 cxb5 22. Rd7 a5 23. Ree7 Rae8 24. c3 Rxe7 25. Rxe7 Rd8 26. b3 Rd5 27. Kc2 h5 28. c4 bxc4 29. bxc4 Rd4 30. Re4 Rd7 31. Kc3 g5 32. c5 Kf8 33. Rd4 Rc7 34. Kc4 Ke7 35. Kb5 1-0

[Event "Stuttgart-chA int"]
[Site "Ditzingen"]
[Date "2008.05.03"]
[Round "6"]
[White "Grandidier, Raphael"]
[Black "Stegmaier, Michael"]
[Result "1-0"]
[WhiteElo "2023"]
[BlackElo "1802"]
[PlyCount "55"]
[EventDate "2008.05.01"]
[EventType "swiss"]
[EventRounds "7"]
[EventCountry "GER"]
[SourceTitle "EXT 2018"]
[Source "ChessBase"]
[SourceDate "2017.10.13"]
[SourceVersion "1"]
[SourceVersionDate "2017.10.13"]
[SourceQuality "1"]

1. e4 c5 2. Nf3 Nc6 3. Bb5 g6 4. 0-0 Bg7 5. Re1 Nf6 6. c3 a6 7. Bf1 0-0 8. d4 cxd4 9. cxd4 d6 10. h3 b5 11. a4 b4 12. Bf4 Nd7 13. Be3 Nf6 14. d5 Nxe4 15. dxc6 Bxb2 16. Ra2 Bc3 17. Bh6 Bxe1 18. Qxe1 Be6 19. Rb2 Nc5 20. Bxf8 Qxf8 21. Qxb4 a5 22. Qd4 Nb3 23. Qc3 Nc5 24. Bb5 Qc8 25. Qe3 Rb8 26. Nc3 Bb3 27. Qxe7 Bxa4 28. Bc4 1-0

[Event "Stuttgart-chA int"]
[Site "Ditzingen"]
[Date "2008.05.02"]
[Round "4"]
[White "Stegmaier, Michael"]
[Black "Maissenbacher, Werner"]
[Result "1/2-1/2"]
[WhiteElo "1802"]
[BlackElo "1948"]
[PlyCount "45"]
[EventDate "2008.05.01"]
[EventType "swiss"]
[EventRounds "7"]
[EventCountry "GER"]
[SourceTitle "EXT 2018"]
[Source "ChessBase"]
[SourceDate "2017.10.13"]
[SourceVersion "1"]
[SourceVersionDate "2017.10.13"]
[SourceQuality "1"]

1. Nf3 Nf6 2. c4 g6 3. Nc3 Bg7 4. g3 d6 5. Bg2 0-0 6. 0-0 e5 7. d4 Nc6 8. dxe5 dxe5 9. Bg5 h6 10. Bxf6 Qxf6 11. Nd5 Qd6 12. Nd2 f5 13. Rc1 Be6 14. c5 Qd7 15. e4 fxe4 16. Nc3 e3 17. fxe3 Rxf1+ 18. Nxf1 Qe7 19. Bd5 Rd8 20. Bxe6+ Qxe6 21. Nd2 Qf5 22. Qb3+ Kh7 23. Nde4 1/2-1/2

[Event "Stuttgart-chA int"]
[Site "Ditzingen"]
[Date "2008.05.01"]
[Round "2"]
[White "Bissbort, Julian"]
[Black "Stegmaier, Michael"]
[Result "1/2-1/2"]
[WhiteElo "2059"]
[BlackElo "1802"]
[PlyCount "70"]
[EventDate "2008.05.01"]
[EventType "swiss"]
[EventRounds "7"]
[EventCountry "GER"]
[SourceTitle "EXT 2018"]
[Source "ChessBase"]
[SourceDate "2017.10.13"]
[SourceVersion "1"]
[SourceVersionDate "2017.10.13"]
[SourceQuality "1"]

1. e4 c5 2. c3 Nc6 3. d4 cxd4 4. cxd4 d6 5. Nf3 Bg4 6. Bc4 Nf6 7. Qb3 e6 8. Qxb7 Rc8 9. Bb5 Qd7 10. Qxd7+ Nxd7 11. Be3 Bxf3 12. Bxc6 Bxg2 13. Rg1 Rxc6 14. Rxg2 g6 15. d5 Rc7 16. Nc3 Bg7 17. Nb5 Rc2 18. Rc1 Rxc1+ 19. Bxc1 Nc5 20. f3 Kd7 21. Rd2 Bh6 22. dxe6+ Ke7 23. Rd1 Bxc1 24. b4 Nxe6 25. Rxc1 a6 26. Nc7 Nd4 27. Nd5+ Kf8 28. Kf2 Kg7 29. Ke3 Ne6 30. Rc6 a5 31. bxa5 Ra8 32. a6 Nc5 33. Nc7 Ra7 34. Kd4 Rxc7 35. Rxc7 Ne6+ 1/2-1/2

[Event "Stuttgart-chA int"]
[Site "Ditzingen"]
[Date "2008.05.01"]
[Round "1"]
[White "Stegmaier, Michael"]
[Black "Scherer, Holger"]
[Result "1/2-1/2"]
[WhiteElo "1802"]
[BlackElo "2084"]
[PlyCount "82"]
[EventDate "2008.05.01"]
[EventType "swiss"]
[EventRounds "7"]
[EventCountry "GER"]
[SourceTitle "EXT 2018"]
[Source "ChessBase"]
[SourceDate "2017.10.13"]
[SourceVersion "1"]
[SourceVersionDate "2017.10.13"]
[SourceQuality "1"]

1. Nf3 Nf6 2. c4 g6 3. Nc3 Bg7 4. g3 0-0 5. Bg2 d6 6. 0-0 Nbd7 7. d4 e5 8. dxe5 dxe5 9. Bg5 h6 10. Bxf6 Bxf6 11. Qd2 Bg7 12. Rad1 c6 13. Ne4 Qb6 14. Nd6 Nc5 15. Nxc8 Raxc8 16. Qe3 e4 17. Nd2 f5 18. Rb1 Rcd8 19. b4 Na4 20. c5 Qb5 21. Qb3+ Kh7 22. Nc4 Nc3 23. Rb2 Qa4 24. Qxa4 Nxa4 25. Rc2 Nc3 26. Rfc1 Nb5 27. e3 Rd7 28. a4 Nc7 29. Bf1 Na6 30. Rb1 Nc7 31. b5 cxb5 32. axb5 Ne6 33. c6 Rc7 34. Nd6 bxc6 35. Rxc6 Rd7 36. Nxe4 Nd8 37. Rd6 Rc7 38. Nd2 Nf7 39. Rc6 Rd7 40. Nf3 Rfd8 41. Be2 Ne5 1/2-1/2

[Event "GER-chT U20"]
[Site "Kelheim"]
[Date "2007.12.28"]
[Round "4.5"]
[White "Uhlmann, David"]
[Black "Stegmaier, Michael"]
[Result "1/2-1/2"]
[WhiteElo "1843"]
[BlackElo "1702"]
[PlyCount "55"]
[EventDate "2007.12.27"]
[EventType "team-swiss"]
[EventRounds "7"]
[EventCountry "GER"]
[SourceTitle "EXT 2022"]
[Source "ChessBase"]
[SourceDate "2021.10.06"]
[SourceVersion "1"]
[SourceVersionDate "2021.10.06"]
[SourceQuality "1"]
[WhiteTeam "Pang/Rosenheim U20"]
[BlackTeam "Tamm 74 U20"]
[WhiteTeamCountry "GER"]
[BlackTeamCountry "GER"]

1. d4 d5 2. c4 c6 3. Nc3 Nf6 4. Nf3 e6 5. Bg5 Be7 6. e3 Nbd7 7. cxd5 Nxd5 8. Bxe7 Qxe7 9. e4 Nxc3 10. bxc3 0-0 11. Bd3 e5 12. 0-0 exd4 13. cxd4 Nf6 14. Qc2 h6 15. Nd2 Rd8 16. Nb3 Be6 17. Rad1 Kh8 18. e5 Nd7 19. Qd2 Nb8 20. Bb1 Bxb3 21. axb3 c5 22. Qf4 cxd4 23. Qe4 g6 24. Rxd4 Rxd4 25. Qxd4 Nc6 26. Qe3 Qxe5 27. Qxh6+ Kg8 28. Bd3 1/2-1/2

[Event "Stuttgart-chB int"]
[Site "Gerlingen"]
[Date "2007.05.18"]
[Round "4"]
[White "Stegmaier, Michael"]
[Black "Marx, Alexander"]
[Result "1/2-1/2"]
[WhiteElo "1779"]
[BlackElo "1656"]
[PlyCount "63"]
[EventDate "2007.05.17"]
[EventType "swiss"]
[EventRounds "7"]
[EventCountry "GER"]
[SourceTitle "EXT 2018"]
[Source "ChessBase"]
[SourceDate "2017.10.13"]
[SourceVersion "1"]
[SourceVersionDate "2017.10.13"]
[SourceQuality "1"]

1. Nf3 d5 2. d4 Nf6 3. c4 e6 4. e3 Nbd7 5. Nc3 c6 6. Bd3 dxc4 7. Bxc4 Bd6 8. 0-0 0-0 9. Qc2 h6 10. e4 e5 11. Rd1 Qe7 12. h3 exd4 13. Nxd4 Ne5 14. Bb3 Ng6 15. Be3 Re8 16. Rac1 Nf4 17. Nf3 Bc7 18. Re1 N6h5 19. Nd5 Qd7 20. Bxf4 Nxf4 21. Nxf4 Bxf4 22. Rcd1 Qe7 23. Qd3 b6 24. e5 h5 25. Qd6 Bb7 26. Qxe7 Rxe7 27. e6 fxe6 28. Rxe6 Kf8 29. Rxe7 Kxe7 30. Re1+ Kf8 31. Ne5 Bxe5 32. Rxe5 1/2-1/2

[Event "Stuttgart-chB int"]
[Site "Gerlingen"]
[Date "2007.05.17"]
[Round "1"]
[White "Bohun, Roland"]
[Black "Stegmaier, Michael"]
[Result "0-1"]
[WhiteElo "1414"]
[BlackElo "1779"]
[PlyCount "90"]
[EventDate "2007.05.17"]
[EventType "swiss"]
[EventRounds "7"]
[EventCountry "GER"]
[SourceTitle "EXT 2018"]
[Source "ChessBase"]
[SourceDate "2017.10.13"]
[SourceVersion "1"]
[SourceVersionDate "2017.10.13"]
[SourceQuality "1"]

1. d4 d5 2. e3 Nf6 3. Nf3 e6 4. a3 Bd6 5. c4 dxc4 6. Bxc4 a6 7. 0-0 0-0 8. b4 b5 9. Bd3 Bb7 10. Nbd2 Nbd7 11. Qc2 Re8 12. e4 Be7 13. e5 Nd5 14. Bxh7+ Kh8 15. Be4 a5 16. Bb2 axb4 17. Bxd5 Bxd5 18. axb4 Bxb4 19. Rxa8 Bxa8 20. Rc1 c5 21. Bc3 Bxc3 22. Qxc3 c4 23. Rb1 Bc6 24. Qe3 f6 25. Ra1 Qb6 26. exf6 Nxf6 27. Ng5 Ng4 28. Qh3+ Nh6 29. Qh5 Qxd4 30. Rd1 Qg4 31. Qxg4 Nxg4 32. Ndf3 e5 33. Nf7+ Kg8 34. N3g5 Rf8 35. h3 Nxf2 36. Rd6 Rxf7 37. Rxc6 Rf8 38. Ne6 Rf6 39. Rc8+ Kh7 40. Rc6 Nd3 41. h4 Nf4 42. Ng5+ Kg6 43. Rc5 Ne2+ 44. Kh2 c3 45. Ne4 b4 0-1

[Event "Stuttgart-chB int"]
[Site "Gerlingen"]
[Date "2007.05.17"]
[Round "2"]
[White "Stegmaier, Michael"]
[Black "Pottgiesser, Ulrich"]
[Result "1-0"]
[WhiteElo "1779"]
[BlackElo "1570"]
[PlyCount "73"]
[EventDate "2007.05.17"]
[EventType "swiss"]
[EventRounds "7"]
[EventCountry "GER"]
[SourceTitle "EXT 2018"]
[Source "ChessBase"]
[SourceDate "2017.10.13"]
[SourceVersion "1"]
[SourceVersionDate "2017.10.13"]
[SourceQuality "1"]

1. Nf3 d5 2. d4 Nf6 3. c4 c6 4. Nc3 dxc4 5. e3 b5 6. Be2 Na6 7. Ne5 Bb7 8. a4 Nc7 9. 0-0 e6 10. Bf3 Ncd5 11. axb5 Nxc3 12. bxc3 Nd5 13. bxc6 Bc8 14. Qa4 Nc7 15. Qxc4 Bd6 16. Nd7 a5 17. Qa4 Qg5 18. e4 Qb5 19. e5 Qxa4 20. Rxa4 Be7 21. c4 Ra7 22. d5 exd5 23. cxd5 Bxd7 24. cxd7+ Kxd7 25. d6 Ne6 26. dxe7 Kxe7 27. Ba3+ Kd8 28. Rd1+ Kc8 29. Rc4+ Rc7 30. Rxc7+ Nxc7 31. Bg4+ Ne6 32. Bxe6+ fxe6 33. Rd6 Re8 34. Ra6 Kb7 35. Rxa5 Kb6 36. Ra4 Rd8 37. h3 1-0

[Event "Wuerttemberg-ch U18"]
[Site "Friedrichshafen"]
[Date "2005.04.01"]
[Round "6"]
[White "Karlowitz, Lukas"]
[Black "Stegmaier, Michael"]
[Result "1/2-1/2"]
[WhiteElo "1438"]
[BlackElo "1608"]
[PlyCount "33"]
[EventDate "2005.03.29"]
[EventType "swiss"]
[EventRounds "7"]
[EventCountry "GER"]
[SourceTitle "EXT 2007"]
[Source "ChessBase"]
[SourceDate "2006.11.23"]
[SourceVersion "1"]
[SourceVersionDate "2006.11.23"]
[SourceQuality "1"]

1. d4 d5 2. c4 c6 3. e3 Nf6 4. Nc3 dxc4 5. Bxc4 Bf5 6. Nf3 e6 7. 0-0 Bb4 8. Qb3 Bxc3 9. Qxc3 0-0 10. b4 Nbd7 11. Ba3 Nd5 12. Bxd5 cxd5 13. Rac1 Rc8 14. Qb3 b5 15. Bb2 Qb6 16. a4 a6 17. Ne5 1/2-1/2

[Event "Wuerttemberg-ch U18"]
[Site "Friedrichshafen"]
[Date "2005.03.29"]
[Round "2"]
[White "Behm, Simon"]
[Black "Stegmaier, Michael"]
[Result "1-0"]
[WhiteElo "2173"]
[BlackElo "1608"]
[PlyCount "35"]
[EventDate "2005.03.29"]
[EventType "swiss"]
[EventRounds "7"]
[EventCountry "GER"]
[SourceTitle "EXT 2007"]
[Source "ChessBase"]
[SourceDate "2006.11.23"]
[SourceVersion "1"]
[SourceVersionDate "2006.11.23"]
[SourceQuality "1"]

1. d4 d5 2. c4 c6 3. Nc3 Nf6 4. Nf3 e6 5. e3 Be7 6. Bd3 Nbd7 7. 0-0 0-0 8. e4 dxc4 9. Bxc4 b5 10. Bd3 a6 11. e5 Nd5 12. Nxd5 exd5 13. Qc2 c5 14. dxc5 Bxc5 15. Bxh7+ Kh8 16. Bf5 Nb6 17. Ng5 g6 18. Bxg6 1-0

[Event "BEM-ch U16"]
[Site "Vaihingen/Enz"]
[Date "2003.02.01"]
[Round "5"]
[White "Stegmaier, Michael"]
[Black "Rodinger, Michael"]
[Result "1-0"]
[WhiteElo "1217"]
[BlackElo "1034"]
[PlyCount "45"]
[EventDate "2003.01.??"]
[EventType "swiss"]
[EventRounds "7"]
[EventCountry "GER"]
[SourceTitle "EXT 2005"]
[Source "ChessBase"]
[SourceDate "2004.11.15"]
[SourceVersion "1"]
[SourceVersionDate "2004.11.15"]
[SourceQuality "1"]

1. e4 e6 2. Nf3 d5 3. exd5 exd5 4. d4 Bf5 5. Nc3 Nc6 6. Bb5 Qd7 7. Ne5 Qe6 8. Qe2 0-0-0 9. Nxc6 bxc6 10. Qxe6+ fxe6 11. Bxc6 Bxc2 12. 0-0 Ne7 13. Bb5 Nf5 14. Be3 Nxe3 15. fxe3 g6 16. Rac1 Bd3 17. Bxd3 Be7 18. Rfe1 Rhf8 19. Ba6+ Kb8 20. Nb5 Rf7 21. Rc3 Bf8 22. Rb3 c6 23. Nd6+ 1-0